| 000 | 00778nam a2200193Ii 4500 | ||
|---|---|---|---|
| 003 | JO-AjNU | ||
| 008 | 230605s9999||||xx |||||||||||||| ||und|| | ||
| 040 |
_aJO-AjNU _bara _erda _cJO-AjNU |
||
| 041 | _aara | ||
| 050 | 1 | 4 | _aHG8695.25.M8264 2016 |
| 100 | 3 |
_aالمؤسسة العامة للضمان الإجتماعي, _eauthor _957441 |
|
| 245 | 0 | 0 | _aالتقرير السنوي للمؤسسة العامة للضمان الإجتماعي، 2016 |
| 264 | 3 | 1 | _aعمان: المؤسسة العامة للضمان الإجتماعي، 2016 |
| 300 | _a92ص | ||
| 336 |
_atext _btxt _2rdacontent |
||
| 337 |
_aunmediated _bn _2rdamedia |
||
| 338 |
_avolume _bnc _2rdacarrier |
||
| 650 | 4 |
_aالمؤسسة العامة للضمان الإجتماعي- تقارير سنوية _957442 |
|
| 999 |
_aA25743 _c29311 _d29311 |
||